00233nam a22001097a 4500040000700000082000800007100001100015245004800026260002700074942000700101999001500108 cSK a634 aDANCED aThe art of building facilitation capacities aPhnom PenhbDAN c2002 cKB c8528d8528